Water productivity in rainfed agriculture (Record no. 10959)
[ view plain ]
| 000 -LEADER | |
|---|---|
| fixed length control field | 01852nam a2200337Ia 4500 |
| 001 - CONTROL NUMBER | |
| control field | CRC0KE13130PDF |
| 003 - CONTROL NUMBER IDENTIFIER | |
| control field | BD-DhSAU |
| 005 - DATE AND TIME OF LATEST TRANSACTION | |
| control field | 20151012144258.0 |
| 006 - FIXED-LENGTH DATA ELEMENTS--ADDITIONAL MATERIAL CHARACTERISTICS | |
| fixed length control field | m|||||o||d|||||||| |
| 007 - PHYSICAL DESCRIPTION FIXED FIELD--GENERAL INFORMATION | |
| fixed length control field | cr|||| |
| 008 - FIXED-LENGTH DATA ELEMENTS--GENERAL INFORMATION | |
| fixed length control field | 110518s2010 ne abd sbm 000 0 eng d |
| 020 ## - INTERNATIONAL STANDARD BOOK NUMBER | |
| International Standard Book Number | 9780203093429 (ebook : PDF) |
| 040 ## - CATALOGING SOURCE | |
| Original cataloging agency | BD-DhSAU |
| Transcribing agency | BD-DhSAU |
| 090 ## - LOCALLY ASSIGNED LC-TYPE CALL NUMBER (OCLC); LOCAL CALL NUMBER (OCLC) | |
| Classification number (OCLC) (R) ; Classification number, CALL (RLIN) (NR) | SB110 |
| Local cutter number (OCLC) ; Book number/undivided call number, CALL (RLIN) | .M37 2010 |
| 092 ## - LOCALLY ASSIGNED DEWEY CALL NUMBER (OCLC) | |
| Classification number | 631.586 |
| Item number | M235 |
| 100 1# - MAIN ENTRY--PERSONAL NAME | |
| Personal name | Makurira, Hodson. |
| 245 10 - TITLE STATEMENT | |
| Title | Water productivity in rainfed agriculture |
| Medium | [electronic resource] : |
| Remainder of title | redrawing the rainbow of water to achieve food security in rainfed smallholder systems / |
| Statement of responsibility, etc. | by Hodson Makurira. |
| 260 ## - PUBLICATION, DISTRIBUTION, ETC. (IMPRINT) | |
| Place of publication, distribution, etc. | Leiden, The Netherlands : |
| Name of publisher, distributor, etc. | CRC Press/Balkema, |
| Date of publication, distribution, etc. | 2010. |
| 300 ## - PHYSICAL DESCRIPTION | |
| Extent | xxvi, 143 p. : |
| Other physical details | col. ill., col. map. |
| 500 ## - GENERAL NOTE | |
| General note | "Dissertation submitted in fulfilment of the requirements of the Board for Doctorates of Delft University of Technology and of the Academic Board of the UNESCO-IHE Institute for Water Education for the Degree of Doctor to be defended in public on Wednesday, 23 June 2010 at 12:30 hours in Delft, The Netherlands." |
| 502 ## - DISSERTATION NOTE | |
| Dissertation note | Dissertation (Ph. D.)--Delft University of Technology, 2010. |
| 504 ## - BIBLIOGRAPHY, ETC. NOTE | |
| Bibliography, etc | Includes bibliographical references (p. [129]-138). |
| 505 0# - FORMATTED CONTENTS NOTE | |
| Formatted contents note | ch. 1. Introduction -- ch. 2. Rainfed agriculture in sub-Saharan Africa -- ch. 3. The study area -- ch. 4. Research sites and observation techniques -- ch. 5. Water partitioning analysis using modelling techniques -- ch. 6. Productivity analysis. |
| 530 ## - ADDITIONAL PHYSICAL FORM AVAILABLE NOTE | |
| Additional physical form available note | Also available in print edition. |
| 538 ## - SYSTEM DETAILS NOTE | |
| System details note | Mode of access: World Wide Web. |
| 650 #0 - SUBJECT ADDED ENTRY--TOPICAL TERM | |
| Topical term or geographic name as entry element | Dry farming. |
| 650 #0 - SUBJECT ADDED ENTRY--TOPICAL TERM | |
| Topical term or geographic name as entry element | Water. |
| 655 #7 - INDEX TERM--GENRE/FORM | |
| Genre/form data or focus term | Electronic books. |
| Source of term | lcsh |
| 776 1# - ADDITIONAL PHYSICAL FORM ENTRY | |
| International Standard Book Number | 9780415601207 |
| 856 40 - ELECTRONIC LOCATION AND ACCESS | |
| Uniform Resource Identifier | <a href="http://marc.crcnetbase.com/isbn/9780203093429">http://marc.crcnetbase.com/isbn/9780203093429</a> |
| Electronic format type | application/PDF |
No items available.
